| 000 | 01162cam a2200349K 4500 | ||
|---|---|---|---|
| 001 | 97473 | ||
| 005 | 20230411090056.0 | ||
| 008 | 871222s2006 quc 000 0 fre d | ||
| 035 | _a(OCoLC)ocm84987198 | ||
| 040 |
_aNLC _bfre _cNLC |
||
| 016 | _a20070034613 | ||
| 020 | _a2980945420 | ||
| 020 | _a9782980945427 | ||
| 029 | 0 |
_aNLC _b20070034613 |
|
| 035 | _a(OCoLC)84987198 | ||
| 043 | _anwht--- | ||
| 055 | 0 | 0 |
_a110 R 729.8 _bM576d 2006 |
| 049 | _aGRAL | ||
| 100 | 1 |
_aMerveille, Jean, _d1937- |
|
| 245 | 1 | 0 |
_aDroit de la santé : _baccidents iatrogeniques & responsabilite des soignants / _cJean Merveille. |
| 260 |
_aBrossard, Quebec : _bEditions La Perichole, _c2006. |
||
| 300 |
_a193 p. : _bill. ; _c21 cm. |
||
| 504 | _aComprend des râef. bibliogr.: p. 183-192. | ||
| 650 | 6 |
_aPersonnel medical _xResponsabilite professionnelle _zHaiti. |
|
| 650 | 6 |
_aPatients _xDroits _zHaiti. |
|
| 650 | 0 |
_aMedical personnel _xMalpractice _zHaiti. |
|
| 650 | 0 |
_aMedical errors _xLaw and legislation _zHaiti. |
|
| 650 | 0 |
_aPatients _xLegal status, laws, etc. _zHaiti. |
|
| 650 | 0 |
_aMedical personnel _xMalpractice. |
|
| 942 |
_2lcc _cbk |
||
| 994 |
_aC0 _bDRFGD |
||
| 999 |
_c112054 _d112054 |
||